Responses for show #2684 - Thursday, April 11, 1996

Michael Dupée game 3.

Contestants

[<< previous game]

Sally Hardey, a psychologist from Moraga, California

Bernie Altman, an architect from Los Angeles, California

Michael Dupee, an attorney from Cleveland, Ohio (whose 2-day cash winnings total $29,201)

[next game >>]

Jeopardy! Round responses

PHOTOGRAPHY
ABBOTT & COSTELLO
U.S. GEOGRAPHY
WOMEN'S FASHIONS
FISH
"NET"s
    $100 2
(Mike: What is yellow?)
(Bernie: What is blue?)
...
(Sally: What is [*]?)
(Alex: Ring in first, Sally.)
[Sally rings in.]
(Alex: That's it.)
(Sally: What is [*]?)

red

MichaelBernieSally
    $100 26
the Three Stooges

Michael
    $100 1
Las Vegas

Bernie
    $100 9
a collar

Sally
    $100 21
orange roughy

Sally
    $100 16
Dragnet

Michael
    $200 7
tripods

Michael
    $200 27
the Keystone Kops

Michael
    $200 3
Chesapeake Bay

Michael
    $200 10
a tent

Bernie
    $200 22
the catfish

Sally
    $200 17
a cornet

Michael
    $300 8
sepia

Bernie
    $300 28
Kate Smith

Bernie
    $300 4
Maine

Bernie
    $300 13
(Coco) Chanel

Bernie
    $300 23
an eel

Michael
    $300 18
the Internet

Michael
    $400 11
the speed (and the number of exposures)

Bernie
    $400 29
(Sally: Who is the Mummy?)
(Michael: Who is Frankenstein? [Pause] [*]?)

Frankenstein's monster

MichaelSally
    $400 5
Lake Champlain

Bernie
    $400 15
gloves

Bernie
    $400 24
mollies

Michael
    $400 19
a bonnet

Bernie
    $500 12
panoramic prints

Bernie
    $500 30
Damon Runyon

Bernie
    $500 6
the Connecticut River

Michael
    $500 14
(Bernie: Who is Quantas?)
...
(Alex: Qantas is the airline.)

(Mary) Quant

BernieSally
    $100 25
(Michael: Fish.)
(Alex: What's wrong with fish?)
(Michael: I don't like fish.)

a beluga

Michael
    $500 20
a signet

Michael

Scores at the first commercial break (after clue 15):

Michael Bernie Sally
$800 $2,300 $700

Scores at the end of the Jeopardy! Round:

Michael Bernie Sally
$3,400 $3,500 $600

Double Jeopardy! Round responses

JULY
INVENTORS
WORLD FACTS
PEOPLE
MAGAZINES
OPERATIC DEMISES
    $200 21
Leaves of Grass

Michael
    $200 6
Franklin

Michael
    $200 11
Islam

Michael
    $200 16
Florence Griffith-Joyner

Michael
    $200 26
Edinburgh

Michael
    $200 1
Guinevere

Michael
    $400 22
Joyce Kilmer

Bernie
    $400 7
(Michael: Who is Art Buckminster Fuller?)
[Michael is originally credited with a correct response, but this is corrected before the next Daily Double is played.]
(Alex: "R." for Richard.)

R. Buckminster Fuller

Michael
Triple Stumper
    $400 12
Jordan

Michael
    $400 17
(Victor) Borge

Bernie
    $400 27
Us

Sally
    $400 2
her ring

Sally
    $600 23
Telstar

Michael
    $600 8
the sun

Michael
    $600 13
(Sally: What is loyalty?)

the sky

BernieSally
    $600 18
the Enola Gay

Michael
    $600 28
Martha Stewart

Michael
    $600 3
Vesuvius

Bernie
    $1,000 24
(Strom) Thurmond

Michael
    $800 9
Zeppelin

Bernie
    $800 14
the Sudan

Michael
    $800 19
(Ingmar) Bergman

Michael
    $800 29
(Bernie: Who is Sheeny?)

(Gail) Sheehy

BernieSally
    $800 4
Aida

Sally
    $1000 25
Hawaii

Michael
    $1000 10
Colt

Michael
    $400 15
Greece

Michael
    $1000 20
(Jasper) Johns

Michael
    $1000 30
Premiere

Bernie
    $1000 5
Benjamin Britten

Bernie

Scores at the end of the Double Jeopardy! Round:

Michael Bernie Sally
$13,000 $7,500 $2,400

[wagering suggestions for these scores]

Final Jeopardy! Round responses

SPORTS
(Alex: He was not the one immortalized in the poem, by the way.)
SallyWho was Casey Stengel
$2,399
BernieWho was Casey Stengal?
$7,000
MichaelWho is Stengel?
$2,001
Casey Stengel

Final scores:

Michael Bernie Sally
$15,001 $14,500 $4,799
3-day champion: $44,202 2nd place: Broyhill living room set + Harris Lamps 3rd place: Towle flatwear

Game dynamics:

Coryat scores:

Michael Bernie Sally
$13,800 $7,500 $2,400
31 R
(including 3 DDs),
2 W
19 R,
3 W
9 R,
2 W

Combined Coryat: $23,700

The J! Archive is created by fans, for fans. The Jeopardy! game show and all elements thereof, including but not limited to copyright and trademark thereto, are the property of Jeopardy Productions, Inc. and are protected under law. This website is not affiliated with, sponsored by, or operated by Jeopardy Productions, Inc. Join the discussion at JBoard.tv.